01093nac a22002897a 4500001001000000003000900010005001700019008003400036040005400070072001800124090001800142110008600160245008000246260003600326300001000362490008700372500001400459650002100473650001600494650002300510650002300533650002000556909004700576942001700623999001900640952014400659BR8403979BR-BrBNA20240105120115.0230509b bl.|||m| |||| 00| 0 por d aBR-BrBNAbporcBiblioteca Nacional de Agricultura aF00; E70; P05 aF00 BR84039791 aMinisterio das Relacoes Exteriores, Brasilia, DF (Brasil). Depto. Economico970881 aReservado n. 72. Julho de 1984 [Ministerio das Relacoes Exteriores, Brasil]3 aBrasilia, DF (Brasil): c1984.  a42 p. aResenha Mensal - Ministerio das Relacoes Exteriores. Depto. Economico (Brazil)vx a14 tables aPRODUCAO VEGETAL aAGRICULTURA aRECURSO ENERGETICO aPOLITICA COMERCIAL aRECURSO MINERAL a202312bLúcia Elandec55dLúcia Elande 2AGRISn0cMS c277978d277978 002AGRIS40708Acervo Gerala41918b41918cAGROBASEl0oF00 BR8403979pF00 BR8403979r2023-12-18yMSePortaria Interministerial nº 164/94